[Event "Challenge"]
[Site "http://www.queenalice.com/game.php?id=446978"]
[Date "2008.8.11"]
[Round "-"]
[White "rogeriorocha"]
[Black "policialsergio"]
[Result "0-1"]
[WhiteElo "1678"]
[BlackElo "2002"]

1. e4 c5 2. Nc3 d6 3. Nf3 g6 4. d4 cxd4 5. Qxd4 Nf6 6. Bc4 Nc6 7. Bb5 Bd7 8.
Bxc6 Bxc6 9. O-O Bg7 10. Qc4 a6 11. Ng5 O-O 12. f4 Ng4 13. Qe2 Qb6+ 14. Kh1 Bxc3
15. Qxg4 Bxb2 16. Qh4 h5 17. Rb1 Bb5 18. Rxb2 Qd4 19. Re1 Rac8 20. Nf3 Qc3 21.
Ng5 Rc7 22. f5 Qf6 23. Rb1 Rxc2 24. Qg3 Rxa2 25. Qb3 Ra4 26. Nh3 Rc4 27. Bb2 Qh4
28. Qe3 Rxe4 29. Qxe4 Qxe4 30. Rxe4 Bd3 31. Ree1 Bxb1 32. Rxb1 gxf5 33. Bc3 Rc8
34. Ba1 b5 35. Ng5 e5 36. Rd1 f6 37. Nf3 Kf7 38. Bb2 Ke6 39. h4 d5 40. Ra1 Rc6
41. Kg1 Kd6 42. Kf2 Rc2+ 43. Ke1 Rxb2 44. Rxa6+ Ke7 45. Ra7+ Ke6 46. Ra6+ Kf7
47. Ra7+ Kg6 48. Ra6 e4 49. Ne5+ Kg7 50. Ra7+ Kh6 51. Nf7+ Kg6 52. Nh8+ Kh6 0-1

[Event "AUTO-OPEN-1226"]
[Site "http://www.queenalice.com/game.php?id=447074"]
[Date "2008.8.11"]
[Round "1"]
[White "valdiluis"]
[Black "rogeriorocha"]
[Result "0-1"]
[WhiteElo "1890"]
[BlackElo "1660"]

1. e4 e5 2. f4 exf4 3. Nf3 d5 4. exd5 Qxd5 5. c4 Qh5 6. Be2 Bc5 7. d4 Bb4+ 8.
Bd2 Bxd2+ 9. Nbxd2 Nf6 10. O-O O-O 11. Ne5 Qg5 12. Ne4 Nxe4 13. Nf3 Qe7 14. Bd3
Ng5 15. Nxg5 Qxg5 16. Qf3 Nc6 17. d5 Ne5 18. Qe4 Nxd3 19. Qxd3 Bg4 20. h3 Bh5
21. Rae1 Rae8 22. Rxe8 Rxe8 23. Qd4 Re2 24. Rf2 Re1+ 25. Rf1 Rxf1+ 26. Kxf1 h6
27. Qxa7 Qe5 28. b3 Qe2+ 29. Kg1 Qe3+ 30. Qxe3 fxe3 31. c5 Kf8 32. Kf1 f5 33. b4
Ke7 34. a4 Kd7 35. b5 c6 36. dxc6+ bxc6 37. b6 Kc8 38. a5 Kb7 39. Ke1 g5 40. g3
f4 41. gxf4 gxf4 42. h4 e2 43. Kf2 f3 44. Ke1 Bg4 45. Kf2 h5 46. Ke1 Bc8 0-1

[Event "AUTO-OPEN-1226"]
[Site "http://www.queenalice.com/game.php?id=447075"]
[Date "2008.8.11"]
[Round "1"]
[White "rogeriorocha"]
[Black "valdiluis"]
[Result "1-0"]
[WhiteElo "1678"]
[BlackElo "1896"]

1. e4 e5 2. Nf3 Nf6 3. d3 Bc5 4. c3 d6 5. Nbd2 Bg4 6. Be2 O-O 7. O-O Nc6 8. h3
Be6 9. a4 Qd7 10. Ng5 h6 11. Nxe6 Qxe6 12. b4 Bxb4 13. cxb4 Nd4 14. Bb2 Nxe2+
15. Qxe2 Nh7 16. Nf3 f5 17. exf5 Rxf5 18. Nh4 Rg5 19. f4 Rg3 20. f5 Qf6 21. Ng6
Ng5 22. Kh2 Nxh3 23. Kxg3 Ng5 24. Kh2 Kh7 25. Qg4 Nf7 26. Nf4 Rg8 27. Ne6 c6 28.
d4 Ng5 29. Nxg5+ hxg5 30. Kg3 Rh8 31. Rh1+ Kg8 32. Rxh8+ Kxh8 33. Rh1+ Kg8 34.
dxe5 dxe5 35. Qh5 b5 36. Qe8+ Qf8 37. Rh8+ 1-0

[Event "AUTO-OPEN-1226"]
[Site "http://www.queenalice.com/game.php?id=447100"]
[Date "2008.8.11"]
[Round "1"]
[White "alissonctba"]
[Black "rogeriorocha"]
[Result "0-1"]
[WhiteElo "1320"]
[BlackElo "1711"]

1. d4 d5 2. c4 dxc4 3. e3 e6 4. Bxc4 Nf6 5. Nc3 a6 6. a4 Bb4 7. Ne2 Ne4 8. Bd2
Qf6 9. Nxe4 Bxd2+ 10. Qxd2 Qf5 0-1

[Event "AUTO-OPEN-1226"]
[Site "http://www.queenalice.com/game.php?id=447101"]
[Date "2008.8.11"]
[Round "1"]
[White "rogeriorocha"]
[Black "alissonctba"]
[Result "1-0"]
[WhiteElo "1714"]
[BlackElo "1320"]

1. e4 c5 2. Nf3 Nc6 3. d4 cxd4 4. Nxd4 g6 5. Nxc6 bxc6 6. Be2 Bg7 7. O-O e6 8.
c3 Ne7 9. Nd2 O-O 10. f4 d5 11. e5 1-0

[Event "AUTO-OPEN-1226"]
[Site "http://www.queenalice.com/game.php?id=447118"]
[Date "2008.8.11"]
[Round "1"]
[White "rogeriorocha"]
[Black "mrcoelho"]
[Result "0-1"]
[WhiteElo "1715"]
[BlackElo "1854"]

1. e4 e5 2. Nf3 Nc6 3. d4 exd4 4. Nxd4 Qf6 5. Nxc6 Qxc6 6. Nc3 Bb4 7. Bd2 Bxc3
8. Bxc3 Qxe4+ 9. Qe2 Qxe2+ 10. Bxe2 Nf6 11. Bxf6 gxf6 12. O-O-O d6 13. Rhe1 Be6
14. a3 O-O-O 15. g4 f5 16. g5 h6 17. gxh6 Rxh6 18. Rh1 Rdh8 19. b3 Rxh2 20. Rxh2
Rxh2 21. Rf1 f4 22. Bb5 c6 23. Bd3 Bh3 24. Re1 Rxf2 25. Re7 Be6 26. a4 a5 27.
Kb2 Rg2 28. Re8+ Kc7 29. Rh8 d5 30. Rh6 f3 31. Rf6 f2 32. Kc3 c5 33. Bf1 Rh2 34.
Kd2 Kd6 35. Ke3 d4+ 36. Kf3 Ke5 37. Kg3 Kxf6 38. Kxh2 Bf5 39. Kg3 Bxc2 40. Kxf2
Bxb3 41. Bb5 c4 42. Ke2 Ke6 43. Kd2 f5 44. Ke2 f4 45. Kf2 Ke5 46. Ke2 Ke4 47.
Be8 d3+ 48. Kd2 Kd4 49. Bh5 c3+ 50. Ke1 Ke3 51. Bd1 d2+ 52. Kf1 Bxd1 53. Kg1
Bxa4 54. Kg2 d1=Q 55. Kh3 Bd7+ 56. Kh2 Qh5+ 57. Kg1 f3 58. Kf1 Qh1# 0-1

[Event "AUTO-OPEN-1226"]
[Site "http://www.queenalice.com/game.php?id=447119"]
[Date "2008.8.11"]
[Round "1"]
[White "mrcoelho"]
[Black "rogeriorocha"]
[Result "1-0"]
[WhiteElo "1944"]
[BlackElo "1795"]

1. e4 e5 2. Nf3 Nc6 3. d4 exd4 4. Nxd4 Qf6 5. Be3 Bc5 6. c3 Nge7 7. Qd2 O-O 8.
Be2 d6 9. Nxc6 Bxe3 10. Nxe7+ Kh8 11. Qxe3 Qxe7 12. Nd2 Bd7 13. Bd3 Rae8 14. O-O
Qh4 15. Nf3 Qh5 16. h3 f5 17. Qd4 f4 18. Rae1 a6 19. Be2 Qg6 20. Nh4 Qh6 21. Nf5
Bxf5 22. exf5 Rxf5 23. Bg4 Rfe5 24. Rxe5 dxe5 25. Re1 Qg6 26. Qd7 h5 27. Bf5 Qc6
28. Qf7 Rb8 29. Rxe5 Rg8 30. Qxh5+ Qh6 31. Qf7 g6 32. Be6 Rg7 33. Qf8+ Kh7 34.
Re4 Qg5 35. Rxf4 Kh6 36. Rf7 Qe5 37. Qh8+ Kg5 38. h4# 1-0

[Event "Challenge"]
[Site "http://www.queenalice.com/game.php?id=452843"]
[Date "2008.8.24"]
[Round "-"]
[White "ZUMBI"]
[Black "rogeriorocha"]
[Result "0-1"]
[WhiteElo "1690"]
[BlackElo "1500"]

1. e4 e5 2. Nf3 Nc6 3. Nc3 Bc5 4. Bb5 d6 5. O-O Nf6 6. d4 exd4 7. Nd5 O-O 8. Bg5
Bg4 9. h3 Bh5 10. g4 Bg6 11. Bxf6 gxf6 12. h4 Bxe4 13. Nf4 Bxf3 14. Qxf3 Ne5 15.
Qxb7 Nxg4 16. Bc4 f5 17. Nd3 Qxh4 18. Qxc7 Qh2# 0-1

[Event "Challenge"]
[Site "http://www.queenalice.com/game.php?id=472644"]
[Date "2008.10.4"]
[Round "-"]
[White "ZUMBI"]
[Black "rogeriorocha"]
[Result "1-0"]
[WhiteElo "1742"]
[BlackElo "1673"]

1. e4 e5 2. Nf3 Nc6 3. Nc3 Nf6 4. Bb5 d6 5. O-O Bd7 6. d4 exd4 7. Nxd4 Nxd4 8.
Qxd4 Bxb5 9. Nxb5 Be7 10. Qc3 c6 11. Nd4 O-O 12. Qg3 Nxe4 13. Qg4 d5 14. Nf5 Bf6
15. Bh6 Ng5 16. h4 gxh6 17. hxg5 hxg5 18. f4 Kh8 19. Nh6 gxf4 20. Rxf4 Qb6+ 21.
Kh2 Qxb2 22. Raf1 Be5 23. Qd7 Bxf4+ 24. Rxf4 Qe5 25. Nxf7+ Rxf7 26. Qxf7 Qg7 27.
c4 Qxf7 28. Rxf7 d4 29. Rxb7 Rd8 30. Rxa7 d3 31. Rc7 d2 32. Rxc6 1-0

[Event "Challenge"]
[Site "http://www.queenalice.com/game.php?id=472645"]
[Date "2008.10.4"]
[Round "-"]
[White "rogeriorocha"]
[Black "ZUMBI"]
[Result "0-1"]
[WhiteElo "1755"]
[BlackElo "1715"]

1. e4 e5 2. Nf3 Nc6 3. Bc4 h6 4. Nc3 Nf6 5. O-O Bc5 6. Nh4 d6 7. Nf3 Bg4 8. h3
Bh5 9. Be2 Qd7 10. Nh4 Bxe2 11. Qxe2 O-O-O 12. Nf5 Nb4 13. d3 d5 14. Nxg7 Bd4
15. exd5 Nfxd5 16. Nxd5 Qxd5 17. Nf5 Rde8 18. c3 Nc6 19. cxd4 exd4 20. Qg4 Kb8
21. a3 Rhg8 22. Qf4 Qxg2# 0-1

[Event "Challenge"]
[Site "http://www.queenalice.com/game.php?id=476012"]
[Date "2008.10.11"]
[Round "-"]
[White "rogeriorocha"]
[Black "leafar"]
[Result "0-1"]
[WhiteElo "1652"]
[BlackElo "1767"]

1. e4 e5 2. Nf3 d6 3. Bc4 Be7 4. d4 exd4 5. Qxd4 Nf6 6. O-O c5 7. Qd3 O-O 8.
Nbd2 Nc6 9. c3 Bg4 10. h3 Bxf3 11. Nxf3 Na5 12. Bg5 Nxc4 13. Qxc4 d5 14. exd5
Nxd5 15. Rad1 Bxg5 16. Rxd5 Qb6 0-1

[Event "Challenge"]
[Site "http://www.queenalice.com/game.php?id=478631"]
[Date "2008.10.17"]
[Round "-"]
[White "rogeriorocha"]
[Black "bish"]
[Result "0-1"]
[WhiteElo "1601"]
[BlackElo "1670"]

1. e4 e5 2. Nf3 Nc6 3. Bc4 Bc5 4. O-O Nf6 5. c3 Nxe4 6. Qe2 Bxf2+ 7. Rxf2 Nxf2
8. Qxf2 O-O 9. d3 d5 10. Bb5 a6 11. Bxc6 bxc6 12. Nxe5 Qe8 13. d4 f6 14. Nf3 a5
15. Bf4 Ra7 16. Nbd2 Qd8 17. Qg3 c5 18. Bh6 c6 19. Qxg7+ Rxg7 20. Bxg7 Rf7 21.
Bh6 Re7 22. Re1 Rxe1+ 0-1

[Event "Challenge"]
[Site "http://www.queenalice.com/game.php?id=480577"]
[Date "2008.10.21"]
[Round "-"]
[White "mp3"]
[Black "rogeriorocha"]
[Result "0-1"]
[WhiteElo "1582"]
[BlackElo "1706"]

1. e3 e5 2. Nf3 Nc6 3. Bc4 Bc5 4. O-O h6 5. a4 Nf6 6. c3 e4 7. Ne1 O-O 8. b4 Bd6
9. a5 Ne5 10. Bb3 Nh7 11. Ba3 Qh4 12. g3 Qh3 13. Bc2 Ng4 0-1

[Event "Challenge"]
[Site "http://www.queenalice.com/game.php?id=481169"]
[Date "2008.10.22"]
[Round "-"]
[White "sunking"]
[Black "rogeriorocha"]
[Result "1-0"]
[WhiteElo "1693"]
[BlackElo "1693"]

1. e4 e5 2. Nf3 Nc6 3. Bb5 d6 4. Bxc6+ bxc6 5. d4 exd4 6. Nxd4 Bb7 7. Nf5 Qf6 8.
f3 Ne7 9. Be3 g6 10. Bd4 Qg5 11. Bxh8 gxf5 12. Bd4 Qxg2 13. Rg1 Qxh2 14. Nd2 Bh6
15. Rf1 Bf4 16. Qe2 Bg3+ 17. Qf2 1-0

[Event "Challenge"]
[Site "http://www.queenalice.com/game.php?id=483544"]
[Date "2008.10.26"]
[Round "-"]
[White "sioux"]
[Black "rogeriorocha"]
[Result "1-0"]
[WhiteElo "1690"]
[BlackElo "1734"]

1. e4 e5 2. Nf3 Nc6 3. Bc4 h6 4. b4 Bxb4 5. c3 Bc5 6. O-O Nf6 7. d3 O-O 8. a4 d5
9. Bxd5 Nxd5 10. exd5 Qxd5 11. c4 Qd6 12. h3 Qg6 13. Bb2 Bxh3 14. Nh4 1-0